Rizikový manažment výroby bakalárska práca

Guardado en:
Detalles Bibliográficos
Autor principal: Grigláková, Martina
Autor Corporativo: Fakulta podnikového manažmentu EU. Katedra manažmentu výroby a logistiky - zrušená
Otros Autores: Abrmanová, Petra
Formato: Libro
Lenguaje:eslovaco
Publicado: Bratislava 2011
Etiquetas: Agregar Etiqueta
Sin Etiquetas, Sea el primero en etiquetar este registro!

MARC

LEADER 00000nbm a2200000 4500
001 0131213
005 20161109111415.6
041 0 |a slo 
044 |a SK 
245 1 0 |a Rizikový manažment výroby  |b bakalárska práca  |c Martina Grigláková ; školiteľ: Petra Abrmanová 
264 1 |a Bratislava  |c 2011 
300 |a 43 s. 
100 1 |a Grigláková, Martina 
700 1 |a Abrmanová, Petra 
710 2 |a Fakulta podnikového manažmentu EU. Katedra manažmentu výroby a logistiky - zrušená